History Quiz

Random History or Year Quiz

Historical Events of 1996 Quiz Stats

 Plays Quiz Updated Jun 26, 2014

Support Sporcle.
Go Orange.
Score 0/24 Timer 08:00
4 Plays Today
Date Answer % Correct
This golfer wins his third consecutive U.S. Amateur Championship.Tiger Woods
82.2%
This mountain sees the death of 8 climbers after a sudden storm descends on it. Jon Krakauer later published the book, 'Into Thin Air,' describing his experiences in the storm.Mount Everest
79.8%
This rapper succumbs to injuries suffered in a Las Vegas drive-by shooting.Tupac Shakur
78.5%
This famous sheep, the first successfully cloned mammal, is born.Dolly
78.5%
This Mel Gibson film wins 5 Academy Awards, including Best Picture.Braveheart
78%
A blizzard closes this city's schools for the first time since 1978.New York City
72.4%
Theodore Kaczynski, better known by this moniker, is arrested.Unabomber
66.4%
Russia reelects this man as president.Boris Yeltsin
61.8%
This man wins 159 electoral votes; Bill Clinton wins 379.Robert (Bob) Dole
61.7%
This 'First Lady' of jazz passes away at 79.Ella Fitzgerald
61.5%
Fred Goldman's wrongful death suit against this man goes to trial.O.J. Simpson
58.6%
This South African Nobel laureate retires as Archbishop of Cape Town.Desmond Tutu
58.2%
Date Answer % Correct
They win their first World Series since 1978, 4-2 over the Atlanta Braves.New York Yankees
56.7%
This school wins its first NCAA men's basketball championship since 1978, its 6th overall.University of Kentucky
48%
This astronomer, one of 'billions and billions' of people on the 'pale blue dot,' dies.Carl Sagan
47.1%
Russian troops begin an extended engagement with militant separatists in this region.Chechnya
44%
This cartridge-based video game console goes on sale in North America.Nintendo 64
43.2%
A California jury finds these brothers guilty of murdering their parents.Lyle and Erik Menendez
41.5%
This musical about 'La Vie Bohème' opens off-Broadway.Rent
40.5%
The United Nations General Assembly votes to confirm him as the next Secretary-General.Kofi Annan
37.3%
This space shuttle lifts off, beginning a record-setting 17 day mission.Columbia
34.8%
This chess-playing computer defeats Garry Kasparov.Deep Blue
34.7%
She helped the USA gymnastics team win a gold medal with a vault score of 9.712.Kerri Strug
31.7%
He becomes the 25th Prime Minister of Australia.John Howard
12.7%

You're not logged in!

Compare scores with friends on all Sporcle quizzes.
OR
Log In

From the Vault

Website by Homepage (2013)

by hazelm

You know what they say: The homepage is where the heart is.
Remove Ads.
Support Sporcle.
Get the best of Sporcle when you Go Orange. This ad-free experience offers more features, more stats, and more fun while also helping to support Sporcle. Thank you for becoming a member.

Show Comments

Extras

Top Quizzes Today


Score Distribution

Your Account Isn't Verified!

In order to create a playlist on Sporcle, you need to verify the email address you used during registration. Go to your Sporcle Settings to finish the process.

Report this User

Report this user for behavior that violates our Community Guidelines.

Details: